LEADER 01822nam 2200577 a 450 001 9910453963703321 005 20200520144314.0 010 $a1-282-86162-X 010 $a9786612861628 010 $a0-7735-7162-0 035 $a(CKB)1000000000752762 035 $a(OCoLC)144078287 035 $a(CaPaEBR)ebrary10121236 035 $a(SSID)ssj0000282998 035 $a(PQKBManifestationID)11219533 035 $a(PQKBTitleCode)TC0000282998 035 $a(PQKBWorkID)10336433 035 $a(PQKB)10617341 035 $a(CaPaEBR)400150 035 $a(CaBNvSL)gtp00521430 035 $a(MiAaPQ)EBC3243775 035 $a(MiAaPQ)EBC3330705 035 $a(Au-PeEL)EBL3330705 035 $a(CaPaEBR)ebr10132888 035 $a(CaONFJC)MIL286162 035 $a(OCoLC)929120910 035 $a(EXLCZ)991000000000752762 100 $a20050718d2004 uy 0 101 0 $aeng 135 $aurcn||||||||| 181 $ctxt 182 $cc 183 $acr 200 12$aA portrait of the artist as Australian$b[electronic resource] $el'oeuvre bizarre de Barry Humphries /$fPaul Matthew St. Pierre 210 $aMontreal ;$aIthaca $cMcGill-Queen's University Press$dc2004 215 $a1 online resource (392 p.) 300 $aIncludes index. 311 $a0-7735-2644-7 320 $aIncludes bibliographical references (p. [331]-353) and index. 606 $aNational characteristics, Australian, in literature 608 $aElectronic books. 615 0$aNational characteristics, Australian, in literature. 676 $a828/.91409 700 $aSt. Pierre$b Paul Matthew$0896344 801 0$bMiAaPQ 801 1$bMiAaPQ 801 2$bMiAaPQ 906 $aBOOK 912 $a9910453963703321 996 $aA portrait of the artist as Australian$92002498 997 $aUNINA